It looks like you're offline.
Open Library logo
additional options menu

MARC record from Internet Archive

LEADER: 00754cam 22002291i 4500
001 9187750
005 20050612151739.0
008 790123s1919 cau 001 0 eng
035 $9(DLC) 20000370
906 $a7$bcbc$coclcrpl$du$encip$f19$gy-gencatlg
010 $a 20000370
035 $a(OCoLC)4576449
040 $aDLC$cCU-I$dDLC
042 $apremarc
050 00 $aPS3531.R24$bH5 1919
100 1 $aPratt, Harry Noyes,$d1879-1944.
245 10 $aHill trails & open sky :$ba book of California verse /$cby Harry Noyes Pratt.
260 $aSan Francisco, Calif. :$bH. Wagner Pub. Co.,$c1919.
300 $a[7], 99 p. ;$c20 cm.
500 $aIncludes index.
985 $eOCLC REPLACEMENT cdsdistr
991 $bc-GenColl$hPS3531.R24$iH5 1919$tCopy 1$wOCLCREP